Rutas de la interpretación /

שמור ב:
מידע ביבליוגרפי
מחבר ראשי: Iser, Wolfgang (autor)
פורמט: ספר
שפה:ספרדית
יצא לאור: México : Fondo de Cultura Económica, 2005, c2005
סדרה:(Breviarios ; 545)
נושאים:
תגים: הוספת תג
אין תגיות, היה/י הראשונ/ה לתייג את הרשומה!

MARC

LEADER 00000nam^a2200000^a^4500
001 000177760
005 20250521000000.0
009 20260310101725.294
020 |a 968-16-7327-1 
037 |a Acervo ITESO - Biblioteca 
041 |a ESP 
082 |a 082.  |b BRE V. 545 
100 |a Iser, Wolfgang  |e (autor) 
245 1 0 |a Rutas de la interpretación /  |c W. Iser ; tr. por Ricardo Rubio Ruiz. 
264 4 |a México :  |b Fondo de Cultura Económica,  |c 2005, c2005 
300 |a 392 p. 
336 |a texto  |b txt  |2 rdacontenido 
337 |a sin mediación  |b n  |2 rdamedio 
338 |a volumen  |b nc  |2 rdasoporte 
440 1 |a (Breviarios ;  |v 545) 
500 |a Traducción de: The Range of Interpretation 
649 |a XX 
650 |a Hermenéutica -  |x Tema Principal 
650 |a Traducción e Interpretación 
650 |a Interpretación Psicoanalítica 
650 |a Biblia -  |x Historia y Crítica 
650 |a Libros Sagrados -  |x Historia y Crítica 
650 |a Semiótica 
650 |a Lingüística 
650 |a Filosofía 
910 |a Fondo General 
920 |a Impresos - Libros 
930 |a Colección General 
905 |a 101 
901 |a 0500116510  |b IT1  |c ACC  |u 20250521 
902 |a https://opac.biblio.iteso.mx/vufind/Record/000177760